00731 2200253 4500001002100000005001500021035002000036007000300056008004100059020002200100082001000122084001600132100002600148245011600174250001100290260004300301300003200344650001600376990001700392990001700409990001700426990001700443990001700460INLIS00000000000049720221214100759 a0010-1222000228ta221214 g 0 ind  a978-602-8974-08-0 a530.1 a530.1 YOH r0 aYohanes Surya, Ph. D.1 aRelativitas :bBahan ajar persiapan menuju Olimpiade Sains Nasional/ Internasional SMA /cYohanes Surya, Ph. D. acet. 1 aJakarta :bPT. Trisula Adisakti,c2010 a138 hlm. :bIlus ;c25.5 cm 4aRelativitas a202100100571 a202100100572 a202100100573 a202100100574 a202100100575